Sistema socioeconómico y estructura regional en la argentina /
Guardado en:
| Autor Principal: | |
|---|---|
| Otros Autores: | |
| Formato: | Libro |
| Publicado: |
Buenos Aires :
Amorrortu,
1998
|
| Edición: | 3a. ed. |
| Materias: | |
| Etiquetas: |
Agregar Etiqueta
Sin Etiquetas, Sea el primero en etiquetar este registro!
|
| LEADER | 01625nam a22002775a 4500 | ||
|---|---|---|---|
| 001 | CEM.cems009864 | ||
| 005 | 20080704112853.0 | ||
| 008 | 130507s1998##################000#0#####d | ||
| 003 | CEMS | ||
| 020 | |a 9505182228 | ||
| 082 | 0 | 4 | |a 330.982 |
| 100 | 1 | |a Rofman, Alejandro B. | |
| 245 | 1 | 0 | |a Sistema socioeconómico y estructura regional en la argentina / |c Alejandro B. Rofman, Luis A. Romero |
| 250 | |a 3a. ed. | ||
| 260 | |a Buenos Aires : |b Amorrortu, |c 1998 | ||
| 300 | |a 328 p. | ||
| 500 | |a Red Federal de Formación Docente Continuo | ||
| 505 | 0 | |a El marco teórico: El funcionamiento real del sistema internacional -- Factores constitutivos y condiciones de funcionamiento del sistema internacional -- Estructura decisional en la sociedad dependiente -- Las modalidades de la vinculación entre las estructuras de poder y decisionales en las relaciones de dependencia -- Sistema decisional de una sociedad dependiente y su vinculación con el fenómeno espacial -- Marco histórico: La Argentina criolla -- La producción de bienes primarios exportables (1852-1930) -- La sustitución de importaciones (1930-1952) -- La penetración del capital internacional (1952-1970) -- Crisis y resurrección de la democracia, globalización económica y exclusión social (1973-1995) | |
| 653 | |a Economía argentina | ||
| 653 | |a Economía | ||
| 653 | |a Historia argentina | ||
| 653 | |a Historia económica argentina | ||
| 700 | 1 | |a Romero, Luis Alberto | |
| 859 | |a CEMS |b BIB. CEMS - 11 de abril |h 330.982 |i R629a3 |p 20205.99 |t Ej.1 | ||
| 859 | |a CEMS |b BIB. CEMS - 11 de abril |h 330.982 |i R629a3 |p 20220.99 |t Ej.2 | ||
| 859 | |a CEMS |b BIB. CEMS | ||
